| 000 | 01037nam a2200289 i 4500 | ||
|---|---|---|---|
| 003 | DO-SdBNP | ||
| 005 | 20260321073645.0 | ||
| 006 | a||||gr|||| 00| 0 | ||
| 007 | ta | ||
| 008 | 230927e1986 dr ||||| |||| 00| e spa d | ||
| 040 |
_aDO-SdBNP _bspa _cBNPHU _erda |
||
| 082 | 4 |
_222 _a923.57293 _bG633B, |
|
| 100 | 1 |
_a Bosch, Juan, _d1909-2001 _976555 |
|
| 245 | 1 | 0 |
_aMáximo Gómez de Monte Cristi a la gloria : _btres años de guerra en Cuba. / _cJuan Bosch. |
| 250 | _a1a. edición | ||
| 264 |
_aSanto Domingo : _bEditora Alfa & Omega, _c1986 |
||
| 300 |
_a137 páginas ; _c20 cm. |
||
| 336 |
_atexto _btxt _2rdacontent |
||
| 337 |
_asin mediación _bn _2rdamedia |
||
| 338 |
_avolumen _bnc _2rdacarrier |
||
| 500 | _aIncluye referencias bibliográficas y notas al pie de páginas | ||
| 590 | _aInventariado 2023 / MF | ||
| 600 | 1 | 0 |
_aGómez, Máximo, _d1836-1905 _912249 |
| 651 |
_aCuba _xHistoria _yGuerra de los diez años, 1868-1878 _911018 |
||
| 651 |
_aCuba _xHistoria _yGuerra de independencia, 1895-1898 _911019 |
||
| 942 |
_2ddc _cLBS1 |
||
| 999 |
_c54985 _d54985 |
||